DESARROLLO ORGANIZACIONAL (Registro nro. 50864)
[ vista simple ]
| 000 -LEADER | |
|---|---|
| fixed length control field | 00767nam a2200193 a 4500 |
| 001 - CONTROL NUMBER | |
| control field | 50864 |
| 005 - DATE AND TIME OF LATEST TRANSACTION | |
| control field | 20180714040100.0 |
| 008 - FIXED-LENGTH DATA ELEMENTS--GENERAL INFORMATION | |
| fixed length control field | 140415s2004 mx 000 0 spa d |
| 020 ## - INTERNATIONAL STANDARD BOOK NUMBER | |
| International Standard Book Number | 9701042395 |
| 041 ## - LANGUAGE CODE | |
| Language code of text/sound track or separate title | spa |
| 082 ## - DEWEY DECIMAL CLASSIFICATION NUMBER | |
| Classification number | 658.402 |
| Item number | GUI |
| 100 1# - MAIN ENTRY--PERSONAL NAME | |
| Personal name | GUIZAR MONTUFAR, RAFAEL |
| 245 10 - TITLE STATEMENT | |
| Title | DESARROLLO ORGANIZACIONAL |
| 250 ## - EDITION STATEMENT | |
| Edition statement | 2a ed. |
| 260 ## - PUBLICATION, DISTRIBUTION, ETC. | |
| Place of publication, distribution, etc. | MEXICO : |
| Name of publisher, distributor, etc. | MCGRAW-HILL INTERAMERICANA, |
| Date of publication, distribution, etc. | 2004 |
| 300 ## - PHYSICAL DESCRIPTION | |
| Extent | 405 |
| Dimensions | 18.8 x 2 x 23.3 |
| 520 ## - SUMMARY, ETC. | |
| Summary, etc. | LA SEGUNDA EDICION DE DESARROLLO ORGANIZACIONAL, PRESENTA UN CLARO HORIZONTE DEL NOVEDOSO CAMPO DE ESTA MATERIA, CONSIDERADO AHORA EN SU SEGUNDA GENERACION COMO ADMINISTRACION DEL CAMBIO, O TRANSFORMACION ORGANIZACIONAL, EN LAS EMPRESAS LATINOAMERICANAS. |
| 650 14 - SUBJECT ADDED ENTRY--TOPICAL TERM | |
| Topical term or geographic name entry element | DESARROLLO ORGANIZACIONAL |
| Withdrawn status | Lost status | Source of classification or shelving scheme | Damaged status | Not for loan | Collection code | Home library | Current library | Shelving location | Date acquired | Source of acquisition | Inventory number | Total Checkouts | Total Renewals | Full call number | Barcode | Date last seen | Date last checked out | Price effective from | Koha item type |
|---|---|---|---|---|---|---|---|---|---|---|---|---|---|---|---|---|---|---|---|
| Dewey Decimal Classification | General | Biblioteca Karol Wojtyla | Biblioteca Karol Wojtyla | Sala general | 03/12/2013 | Compra | 151000000000000000014369 | 3 | 2 | 658.402 GUI 2004 | 75940 | 05/01/2026 | 14/09/2023 | 01/06/2015 | Libro | ||||
| Dewey Decimal Classification | General | Biblioteca Karol Wojtyla | Biblioteca Karol Wojtyla | Sala general | 03/12/2013 | Compra | 151000000000000000014368 | 1 | 658.402 GUI 2004 | 75939 | 05/01/2026 | 28/02/2020 | 01/06/2015 | Libro | |||||
| Dewey Decimal Classification | General | Biblioteca Karol Wojtyla | Biblioteca Karol Wojtyla | Sala general | 03/12/2013 | Compra | 151000000000000000014367 | 1 | 658.402 GUI 2004 | 75938 | 05/01/2026 | 29/01/2020 | 01/06/2015 | Libro | |||||
| Dewey Decimal Classification | General | Biblioteca Karol Wojtyla | Biblioteca Karol Wojtyla | Sala general | 01/06/2015 | Compra | 151000000000000000014370 | 2 | 658.402 GUI 2004 | 74045 | 05/01/2026 | 28/02/2020 | 01/06/2015 | Libro | |||||
| Dewey Decimal Classification | General | Tehuacán | Tehuacán | Sala general | 03/12/2013 | Compra | 658.1 | 503634 | 08/01/2025 | 03/12/2013 | Libro | ||||||||
| Dewey Decimal Classification | General | Tehuacán | Tehuacán | Sala general | 03/12/2013 | Compra | 2 | 658.15 | 503706 | 08/01/2025 | 24/05/2019 | 03/12/2013 | Libro |